<?xml version="1.0" encoding="UTF-8"?>
<marc:record xmlns:marc="http://www.loc.gov/MARC21/slim">
   <marc:leader>00000nam a2200000 a 4500</marc:leader>
   <marc:datafield ind1="1" ind2=" " tag="100">
      <marc:subfield code="a">Sauer, Beate</marc:subfield>
      <marc:subfield code="4">aut</marc:subfield>
      <marc:subfield code="e">Verfasser/-in</marc:subfield>
   </marc:datafield>
   <marc:datafield ind1="0" ind2="0" tag="245">
      <marc:subfield code="a">Die Schwertkämperin</marc:subfield>
   </marc:datafield>
   <marc:datafield ind1="0" ind2="0" tag="245">
      <marc:subfield code="c">Beate Sauer</marc:subfield>
   </marc:datafield>
   <marc:datafield ind1=" " ind2="1" tag="264">
      <marc:subfield code="b">RM Buch und Medienverlags GmbH</marc:subfield>
      <marc:subfield code="c">2010</marc:subfield>
   </marc:datafield>
   <marc:datafield ind1="1" ind2=" " tag="520">
      <marc:subfield code="a">Mitte des 13. Jhs.: Sizilianische Bauern finden eine schwer verletzte junge Frau, das Opfer eines Überfalls, und bringen sie in ein nahe gelegenes Kloster. Den Mönchen gelingt es, die Verwundete zu retten, doch sie hat keine Erinnerung daran, wer sie ist. Teresa, wie sie fortan genannt wird, erweist sich als heilkundig &#x96; und steht doch im Bann einer dunklen Macht, von der sie sich nicht befreien kann.</marc:subfield>
   </marc:datafield>
   <marc:datafield ind1=" " ind2=" " tag="020">
      <marc:subfield code="a">120561</marc:subfield>
      <marc:subfield code="9">120561</marc:subfield>
   </marc:datafield>
</marc:record>
